[Event "COL-ch U16"]
[Site "Medellin"]
[Date "2025.04.26"]
[Round "4"]
[White "Perez Tangarife, Simon"]
[Black "Castro Lombana, Juan Pablo"]
[Result "1/2-1/2"]
[WhiteElo "2053"]
[BlackElo "1993"]
[PlyCount "120"]
[EventDate "2025.04.24"]
[EventType "swiss"]
[EventRounds "7"]
[EventCountry "COL"]
[SourceTitle "CB18_2025"]
[SourceDate "2025.04.30"]
[SourceVersion "1"]
[SourceVersionDate "2025.04.30"]
[SourceQuality "1"]

1. c4 e6 2. Nc3 d5 3. d4 h6 4. cxd5 exd5 5. Bf4 c6 6. Qc2 Bd6 7. Bxd6 Qxd6 8. e3 Ne7 9. Bd3 0-0 10. Nge2 Qf6 11. Ng3 b6 12. 0-0 Ba6 13. b4 Bxd3 14. Qxd3 Qd6 15. Rab1 a6 16. Rfe1 Nd7 17. a3 c5 18. dxc5 bxc5 19. Red1 cxb4 20. axb4 Nf6 21. Nf5 Nxf5 22. Qxf5 Rad8 23. Rd4 Qe6 24. Qd3 Qc6 25. Rd1 Rfe8 26. h3 Rb8 27. Ra1 Rec8 28. Nxd5 Nxd5 29. Rxd5 Rxb4 30. Rxa6 Rb1+ 31. Kh2 Qc7+ 32. Rad6 Rb6 33. g3 Rxd6 34. Rxd6 Qe7 35. Qd5 Re8 36. Rd7 Qf6 37. Kg2 Re6 38. Qa8+ Kh7 39. Qf8 Kg6 40. h4 Re5 41. Rd6 Re6 42. Rd4 h5 43. Rd5 Re5 44. Qc5 Rxd5 45. Qxd5 Kh6 46. Qe4 Qd8 47. Qf4+ Kg6 48. e4 f6 49. Qf5+ Kh6 50. Qd5 Qe7 51. f4 Qc7 52. Qd2 Qc4 53. Qe3 Qc2+ 54. Kf3 Qd1+ 55. Qe2 Qh1+ 56. Ke3 Qg1+ 57. Qf2 Qc1+ 58. Kf3 Qh1+ 59. Qg2 Qd1+ 60. Kf2 Qd4+ 1/2-1/2

[Event "COL-ch U16"]
[Site "Medellin"]
[Date "2025.04.25"]
[Round "3"]
[White "Negron Lizarazo, Juan Sebastian"]
[Black "Perez Tangarife, Simon"]
[Result "0-1"]
[WhiteElo "1841"]
[BlackElo "2053"]
[PlyCount "120"]
[EventDate "2025.04.24"]
[EventType "swiss"]
[EventRounds "7"]
[EventCountry "COL"]
[SourceTitle "CB18_2025"]
[SourceDate "2025.04.30"]
[SourceVersion "1"]
[SourceVersionDate "2025.04.30"]
[SourceQuality "1"]

1. e4 e6 2. d4 d5 3. e5 c5 4. c3 Nc6 5. Nf3 Bd7 6. Be2 cxd4 7. cxd4 Nge7 8. 0-0 Ng6 9. Nc3 Be7 10. Be3 0-0 11. Rc1 f6 12. exf6 gxf6 13. Na4 Rc8 14. Nc5 Bxc5 15. Rxc5 Nce7 16. Rxc8 Bxc8 17. Bd3 Qb6 18. Qd2 Bd7 19. Rc1 Rc8 20. Rxc8+ Nxc8 21. h4 Nd6 22. Qc2 Be8 23. h5 Nf8 24. Bh6 Bxh5 25. g4 Be8 26. Bxf8 Kxf8 27. Bxh7 Qc6 28. Qd2 Qd7 29. Qf4 Qxh7 30. Qxd6+ Qe7 31. Qf4 Qg7 32. g5 Bh5 33. Qd6+ Kf7 34. Qd7+ Kg6 35. Qe8+ Qf7 36. Qxf7+ Kxf7 37. Nd2 fxg5 38. Kg2 Kf6 39. Nf1 e5 40. Ng3 Bg6 41. dxe5+ Kxe5 42. Kf3 Kd4 43. Kg4 Bb1 44. Kxg5 Bxa2 45. f4 Ke3 46. Nf5+ Kd3 47. Ng7 d4 48. f5 Ke3 49. f6 d3 50. Nf5+ Kf2 51. Kf4 d2 52. Ne3 Ke2 53. Ke4 d1Q 54. Nxd1 Kxd1 55. Kd3 Kc1 56. Kc3 Bf7 57. b4 b5 58. Kd4 Kb2 59. Kc5 a6 60. Kb6 Kb3 0-1

[Event "Medellin Sub zt 2.3.2"]
[Site "Medellin"]
[Date "2025.04.17"]
[Round "6"]
[White "Perez Tangarife, Simon"]
[Black "Mena Cordoba, Yamil Octavio"]
[Result "1-0"]
[WhiteElo "2053"]
[BlackElo "1887"]
[PlyCount "113"]
[EventDate "2025.04.14"]
[EventType "swiss"]
[EventRounds "9"]
[EventCountry "COL"]
[SourceTitle "CB18_2025"]
[SourceDate "2025.04.30"]
[SourceVersion "1"]
[SourceVersionDate "2025.04.30"]
[SourceQuality "1"]

1. c4 e5 2. Nc3 Nc6 3. g3 f5 4. Bg2 Nf6 5. e3 Bb4 6. Nge2 0-0 7. d4 e4 8. 0-0 Kh8 9. a3 Be7 10. Nf4 Qe8 11. Nfd5 Bd8 12. b4 d6 13. Qe2 Qg6 14. Nf4 Qh6 15. f3 Re8 16. fxe4 fxe4 17. Nfd5 Ng4 18. Bxe4 Ne7 19. Bf3 Nxd5 20. Nxd5 Nf6 21. e4 Qh3 22. Nf4 Qd7 23. Bb2 c6 24. e5 dxe5 25. dxe5 Bc7 26. Bh5 Nxh5 27. Qxh5 Kg8 28. e6 Qe7 29. Qf7+ Qxf7 30. exf7+ Kxf7 31. Nd5+ Kg6 32. Nxc7 Bh3 33. Rf2 Rad8 34. Nxe8 Rxe8 35. Rd2 Re7 36. Kf2 Kh5 37. Re1 Rf7+ 38. Kg1 g5 39. Rde2 h6 40. Re7 Rf3 41. Rxb7 Rb3 42. Bc1 a5 43. b5 cxb5 44. cxb5 Rc3 45. b6 Rc2 46. Rf7 Rg2+ 47. Kh1 Rc2 48. b7 Bg2+ 49. Kg1 Bxb7 50. Rxb7 Kg4 51. Rb6 h5 52. Rb5 Kh3 53. Rxg5 h4 54. gxh4 a4 55. Rg3+ Kxh4 56. Re4+ Kh5 57. Rg5+ 1-0

[Event "Medellin Sub zt 2.3.2"]
[Site "Medellin"]
[Date "2025.04.16"]
[Round "5"]
[White "Guzman Lozano, Campo Elias"]
[Black "Perez Tangarife, Simon"]
[Result "1/2-1/2"]
[WhiteElo "1868"]
[BlackElo "2053"]
[PlyCount "82"]
[EventDate "2025.04.14"]
[EventType "swiss"]
[EventRounds "9"]
[EventCountry "COL"]
[SourceTitle "CB18_2025"]
[SourceDate "2025.04.30"]
[SourceVersion "1"]
[SourceVersionDate "2025.04.30"]
[SourceQuality "1"]

1. Nf3 Nf6 2. c4 c5 3. Nc3 d5 4. cxd5 Nxd5 5. g3 Nc7 6. Bg2 Nc6 7. d3 e5 8. 0-0 Be7 9. Be3 0-0 10. Rc1 Ne6 11. Nd2 Bd7 12. Nd5 Rc8 13. Ne4 b6 14. Bd2 f5 15. Nec3 Ncd4 16. e3 Nb5 17. Nxb5 Bxb5 18. Qb3 Bd7 19. f4 Bd6 20. Bc3 exf4 21. exf4 Qe8 22. Rfe1 Qf7 23. Ne3 Kh8 24. Bd5 Rce8 25. Nc4 Bb8 26. Be5 b5 27. Nd6 Bxd6 28. Bxd6 Rg8 29. Qa3 Qf6 30. Be5 Qd8 31. Qxa7 Bc8 32. Rxc5 Nxc5 33. Bxg8 Rxg8 34. Qxc5 Qxd3 35. Bc3 Qf3 36. Bxg7+ Kxg7 37. Qe7+ Kh6 38. Qf6+ Rg6 39. Qf8+ Kh5 40. Qxc8 Rxg3+ 41. hxg3 Qxg3+ 1/2-1/2

[Event "Medellin Sub zt 2.3.2"]
[Site "Medellin"]
[Date "2025.04.14"]
[Round "2"]
[White "Perez Tangarife, Simon"]
[Black "Herrera Jimenez, Mateo"]
[Result "1-0"]
[WhiteElo "2053"]
[BlackElo "1878"]
[PlyCount "45"]
[EventDate "2025.04.14"]
[EventType "swiss"]
[EventRounds "9"]
[EventCountry "COL"]
[SourceTitle "CB18_2025"]
[SourceDate "2025.04.30"]
[SourceVersion "1"]
[SourceVersionDate "2025.04.30"]
[SourceQuality "1"]

1. c4 e5 2. Nc3 Nc6 3. g3 Bc5 4. Bg2 a6 5. e3 Ba7 6. Nge2 d6 7. h3 h5 8. d4 Nge7 9. b3 0-0 10. dxe5 Nxe5 11. Nf4 h4 12. g4 Rb8 13. Bb2 Bd7 14. Ncd5 b5 15. Nh5 Nxd5 16. cxd5 f5 17. Qc2 fxg4 18. Bxe5 dxe5 19. Qg6 Qe7 20. d6 cxd6 21. Bd5+ Kh8 22. hxg4 Be8 23. Rxh4 1-0

[Event "COL-ch U18"]
[Site "Bucaramanga"]
[Date "2025.04.06"]
[Round "7"]
[White "Berdugo Santoya, Angel David"]
[Black "Perez Tangarife, Simon"]
[Result "0-1"]
[WhiteElo "1700"]
[BlackElo "2053"]
[PlyCount "64"]
[EventDate "2025.04.03"]
[EventType "swiss"]
[EventRounds "7"]
[EventCountry "COL"]
[SourceTitle "CB15_2025"]
[SourceDate "2025.04.09"]
[SourceVersion "1"]
[SourceVersionDate "2025.04.09"]
[SourceQuality "1"]

1. d4 Nf6 2. Nf3 e6 3. e3 b6 4. Bd3 Bb7 5. 0-0 c5 6. c3 d5 7. Ne5 Nbd7 8. f4 Bd6 9. Nd2 Qc7 10. Ndf3 Ne4 11. Bxe4 dxe4 12. Ng5 0-0 13. Qc2 Nf6 14. Qf2 h6 15. Nh3 Nd5 16. Qh4 f6 17. Ng4 Ne7 18. Qh5 Rac8 19. Bd2 cxd4 20. exd4 Nf5 21. Ne3 Nxe3 22. Bxe3 Bd5 23. g3 b5 24. a3 a5 25. Rac1 Qe7 26. b4 Rc4 27. Nf2 Rfc8 28. Nd1 axb4 29. axb4 Bxb4 30. Bd2 Qa7 31. Ne3 Bxc3 32. Nxc4 Bxd4+ 0-1

[Event "COL-ch U18"]
[Site "Bucaramanga"]
[Date "2025.04.05"]
[Round "4"]
[White "Osorio Colmenares, Miguel Angel"]
[Black "Perez Tangarife, Simon"]
[Result "0-1"]
[WhiteElo "1696"]
[BlackElo "2053"]
[PlyCount "54"]
[EventDate "2025.04.03"]
[EventType "swiss"]
[EventRounds "7"]
[EventCountry "COL"]
[SourceTitle "CB15_2025"]
[SourceDate "2025.04.09"]
[SourceVersion "1"]
[SourceVersionDate "2025.04.09"]
[SourceQuality "1"]

1. d4 Nf6 2. c4 e6 3. g3 Bb4+ 4. Bd2 Be7 5. Bg2 d5 6. Nf3 0-0 7. 0-0 c6 8. Qc2 a5 9. Bf4 Nbd7 10. Nbd2 Nh5 11. Be3 f5 12. h3 Bd6 13. Ng5 Ndf6 14. Bf3 h6 15. Bxh5 Nxh5 16. Ngf3 Qf6 17. g4 fxg4 18. hxg4 Nf4 19. Bxf4 Bxf4 20. Kg2 e5 21. dxe5 Bxe5 22. Nh2 Bxh2 23. Kxh2 Qh4+ 24. Kg2 Qxg4+ 25. Kh2 Qh3+ 26. Kg1 Rf4 27. f3 Qg3+ 0-1

[Event "COL-ch U20"]
[Site "Bogota"]
[Date "2025.01.31"]
[Round "4"]
[White "Perez Tangarife, Simon"]
[Black "Cordoba Roa, Angel Gabriel"]
[Result "0-1"]
[WhiteElo "1954"]
[BlackElo "2358"]
[PlyCount "56"]
[EventDate "2025.01.29"]
[EventType "tourn"]
[EventRounds "9"]
[EventCountry "COL"]
[SourceTitle "CB06_2025"]
[SourceDate "2025.02.05"]
[SourceVersion "1"]
[SourceVersionDate "2025.02.05"]
[SourceQuality "1"]

1. c4 e6 2. Nc3 d5 3. d4 Nf6 4. Bf4 dxc4 5. Qa4+ c6 6. Qxc4 b5 7. Qd3 Bb7 8. Nf3 Nbd7 9. g3 a6 10. Bg2 c5 11. 0-0 cxd4 12. Qxd4 Bc5 13. Qd3 0-0 14. Rac1 Qb6 15. e3 Rfd8 16. Qe2 h6 17. h4 Bc6 18. Rfd1 Qb7 19. Bd6 Rac8 20. Bxc5 Nxc5 21. Ne1 Bxg2 22. Nxg2 b4 23. Nb1 Nce4 24. Ne1 Rxc1 25. Rxc1 Rd5 26. Nd3 g5 27. hxg5 hxg5 28. Rc4 Qd7 0-1

[Event "Santiago de Cali op"]
[Site "Cali"]
[Date "2024.12.30"]
[Round "8"]
[White "Perez Tangarife, Simon"]
[Black "Lopez Rayo, Santiago"]
[Result "1/2-1/2"]
[WhiteElo "1955"]
[BlackElo "2233"]
[PlyCount "41"]
[EventDate "2024.12.26"]
[EventType "swiss"]
[EventRounds "8"]
[EventCountry "COL"]
[SourceTitle "CB01_2025"]
[SourceDate "2025.01.01"]
[SourceVersion "1"]
[SourceVersionDate "2025.01.01"]
[SourceQuality "1"]

1. c4 e5 2. Nc3 Nc6 3. Nf3 f5 4. e3 Nf6 5. d4 e4 6. Nd2 g6 7. Be2 Bg7 8. 0-0 0-0 9. a3 Ne7 10. b4 d5 11. cxd5 Nfxd5 12. Nxd5 Nxd5 13. Bb2 Kh8 14. Bc4 Be6 15. Qb3 c6 16. a4 a6 17. b5 Qa5 18. Ba3 Qd8 19. Bb2 Qa5 20. Qc2 Qd8 21. Qb3 1/2-1/2

[Event "Santiago de Cali op"]
[Site "Cali"]
[Date "2024.12.28"]
[Round "4"]
[White "Herrera, Juan Sebastian"]
[Black "Perez Tangarife, Simon"]
[Result "1-0"]
[WhiteElo "2214"]
[BlackElo "1955"]
[PlyCount "51"]
[EventDate "2024.12.26"]
[EventType "swiss"]
[EventRounds "8"]
[EventCountry "COL"]
[SourceTitle "CB01_2025"]
[SourceDate "2025.01.01"]
[SourceVersion "1"]
[SourceVersionDate "2025.01.01"]
[SourceQuality "1"]

1. d4 Nf6 2. c4 e6 3. Nc3 Bb4 4. a3 Bxc3+ 5. bxc3 d5 6. e3 0-0 7. cxd5 exd5 8. f3 b6 9. Bd3 Ba6 10. Ne2 c5 11. 0-0 Re8 12. Bxa6 Nxa6 13. Qd3 Qc8 14. Ng3 Qb7 15. Ra2 Re6 16. Re2 Rae8 17. Rfe1 h5 18. Bb2 g6 19. c4 dxc4 20. Qxc4 h4 21. d5 Qxd5 22. Qxh4 Nh7 23. Qh6 Nf6 24. Ne4 Qf5 25. Nxf6+ Rxf6 26. g4 1-0

[Event "Santiago de Cali op"]
[Site "Cali"]
[Date "2024.12.28"]
[Round "5"]
[White "Perez Tangarife, Simon"]
[Black "Hernandez Jimenez, Xavi"]
[Result "1-0"]
[WhiteElo "1955"]
[BlackElo "2026"]
[PlyCount "41"]
[EventDate "2024.12.26"]
[EventType "swiss"]
[EventRounds "8"]
[EventCountry "COL"]
[SourceTitle "CB01_2025"]
[SourceDate "2025.01.01"]
[SourceVersion "1"]
[SourceVersionDate "2025.01.01"]
[SourceQuality "1"]

1. c4 e5 2. Nc3 Nc6 3. Nf3 Nf6 4. e4 Bc5 5. Nxe5 Nxe5 6. d4 Bb4 7. dxe5 Nxe4 8. Qf3 Qh4 9. Be2 d6 10. g3 Ng5 11. gxh4 Nxf3+ 12. Bxf3 dxe5 13. Bd2 c6 14. Rg1 Bf5 15. Rxg7 Bg6 16. h5 Bf8 17. h6 Bxg7 18. hxg7 Rg8 19. Bh6 0-0-0 20. Ne4 b6 21. Nf6 1-0

[Event "Santiago de Cali op"]
[Site "Cali"]
[Date "2024.12.27"]
[Round "2"]
[White "Esmeraldas Huachi, Anderson Yahir"]
[Black "Perez Tangarife, Simon"]
[Result "0-1"]
[WhiteElo "2100"]
[BlackElo "1955"]
[PlyCount "118"]
[EventDate "2024.12.26"]
[EventType "swiss"]
[EventRounds "8"]
[EventCountry "COL"]
[SourceTitle "CB01_2025"]
[SourceDate "2025.01.01"]
[SourceVersion "1"]
[SourceVersionDate "2025.01.01"]
[SourceQuality "1"]

1. d4 Nf6 2. c4 e6 3. Nc3 Bb4 4. f3 c5 5. d5 0-0 6. e4 b5 7. Nge2 bxc4 8. Nf4 e5 9. Nh3 d6 10. g4 Ne8 11. Nf2 Qh4 12. Bxc4 f5 13. gxf5 Bxf5 14. Qe2 Bg6 15. 0-0 Bxc3 16. bxc3 Nd7 17. Nh1 Nb6 18. Bb3 Nf6 19. Qf2 Qh3 20. Qg2 Qxg2+ 21. Kxg2 Nxe4 22. c4 Nf6 23. Bg5 Bd3 24. Rfc1 h6 25. Bh4 g5 26. Bg3 Nh5 27. Rc3 Bg6 28. Nf2 Nf4+ 29. Kf1 Rf7 30. Bc2 Bxc2 31. Rxc2 Raf8 32. Rc3 Nh5 33. Kg2 Ng7 34. Ne4 Nf5 35. Bf2 Nd7 36. Ra3 Nb6 37. Rc1 Nc8 38. Rb1 Nce7 39. Ra6 Rd8 40. Kg1 Rd7 41. Rb8+ Kg7 42. Bxc5 dxc5 43. Nxc5 Rd6 44. Ne6+ Kg6 45. Nf8+ Kh5 46. Rxa7 Ne3 47. Ne6 Rxf3 48. Rb1 N7f5 49. Ra3 Rb6 50. Rab3 Ra6 51. a3 g4 52. Rc3 Nd4 53. Nxd4 exd4 54. Rd3 Raf6 55. Rdd1 Nxd1 56. Rxd1 Kh4 57. a4 d3 58. a5 g3 59. hxg3+ Kxg3 0-1

[Event "COL-chT sf"]
[Site "Medellin"]
[Date "2024.11.07"]
[Round "1.4"]
[White "Zuniga, Eddy Andres"]
[Black "Perez Tangarife, Simon"]
[Result "0-1"]
[WhiteElo "1858"]
[BlackElo "1933"]
[PlyCount "104"]
[EventDate "2024.11.07"]
[EventType "team-swiss"]
[EventRounds "6"]
[EventCountry "COL"]
[SourceTitle "CB49_2024"]
[SourceDate "2024.12.04"]
[SourceVersion "1"]
[SourceVersionDate "2024.12.04"]
[SourceQuality "1"]
[WhiteTeam "Antioquia Goodbye Horses"]
[BlackTeam "Antioquia"]
[WhiteTeamCountry "COL"]
[BlackTeamCountry "COL"]

1. d4 Nf6 2. Bg5 e6 3. Nf3 d5 4. e3 Nbd7 5. Bd3 c5 6. c3 Bd6 7. Nbd2 Qc7 8. Qe2 b6 9. a4 Bb7 10. 0-0 Ne4 11. Bh4 0-0 12. Bg3 f5 13. Rfd1 Rae8 14. Bb5 Bc6 15. a5 c4 16. Bxc6 Qxc6 17. Ne5 Nxg3 18. Nxc6 Nxe2+ 19. Kf1 Nxc3 20. bxc3 Ra8 21. Rdb1 Rfc8 22. Nb4 g5 23. g3 Kf7 24. f4 g4 25. Ke2 Bc7 26. a6 Bd6 27. Nc2 Rab8 28. Rb5 Nf6 29. Rb2 Ne8 30. Na3 Bxa3 31. Rxa3 b5 32. Nb1 Rb6 33. Ra5 Rcb8 34. Na3 Nd6 35. Rb4 Ne4 36. Nb1 Ke7 37. Ra2 Kd6 38. Ra5 Kc6 39. Ke1 Nd6 40. Na3 Ne8 41. Nc2 Nc7 42. Rb2 h5 43. Nb4+ Kd7 44. Kf2 Rh8 45. Kg2 h4 46. Rb1 Ne8 47. Nc2 Nd6 48. Na3 Kc6 49. Nc2 Ne4 50. Nb4+ Kc7 51. Na2 hxg3 52. hxg3 Rh3 0-1

[Event "Medellin Raza Antioquia"]
[Site "Medellin"]
[Date "2024.10.12"]
[Round "4"]
[White "Perez Tangarife, Simon"]
[Black "Zapata Cuartas, Juan Carlos"]
[Result "0-1"]
[WhiteElo "1951"]
[BlackElo "2015"]
[PlyCount "88"]
[EventDate "2024.10.10"]
[EventType "swiss"]
[EventRounds "9"]
[EventCountry "COL"]
[SourceTitle "CB43_2024"]
[Source "Chessbase"]
[SourceDate "2024.10.23"]
[SourceVersion "1"]
[SourceVersionDate "2024.10.23"]
[SourceQuality "1"]

1. c4 e5 2. Nc3 Nf6 3. Nf3 Nc6 4. e4 Bb4 5. d3 h6 6. a3 Bxc3+ 7. bxc3 d6 8. g3 0-0 9. Bg2 Be6 10. 0-0 Qd7 11. Ne1 Bh3 12. f4 Bxg2 13. Nxg2 Qh3 14. Ne3 Ne7 15. fxe5 dxe5 16. Ra2 Rad8 17. Nd5 Nexd5 18. cxd5 c6 19. c4 b5 20. Qf3 cxd5 21. exd5 Rd6 22. Bb2 Ng4 23. Bc3 Rf6 24. Qe2 Rxf1+ 25. Qxf1 Qxf1+ 26. Kxf1 bxc4 27. dxc4 Ne3+ 28. Ke2 Nxc4 29. Kd3 Rc8 30. Bb4 a5 31. Be7 f6 32. Rc2 Nb6 33. Rxc8+ Nxc8 34. Bd8 a4 35. Kc4 Kf7 36. Kb5 Ke8 37. Ba5 Kd7 38. Bb4 Ne7 39. Kxa4 Nxd5 40. Bf8 g5 41. Bxh6 Ke8 42. Kb5 e4 43. Bxg5 fxg5 44. Kc4 g4 0-1

[Event "Medellin Raza Antioquia"]
[Site "Medellin"]
[Date "2024.10.11"]
[Round "3"]
[White "Moncada Correa, Sara"]
[Black "Perez Tangarife, Simon"]
[Result "1-0"]
[WhiteElo "2044"]
[BlackElo "1951"]
[PlyCount "33"]
[EventDate "2024.10.10"]
[EventType "swiss"]
[EventRounds "9"]
[EventCountry "COL"]
[SourceTitle "CB43_2024"]
[Source "Chessbase"]
[SourceDate "2024.10.23"]
[SourceVersion "1"]
[SourceVersionDate "2024.10.23"]
[SourceQuality "1"]

1. d4 Nf6 2. c4 e6 3. Nf3 Bb4+ 4. Bd2 Be7 5. g3 d5 6. Bg2 0-0 7. 0-0 c6 8. Qc2 a5 9. Bf4 a4 10. Nbd2 Qa5 11. e4 h6 12. a3 g5 13. Be3 Ng4 14. cxd5 exd5 15. exd5 cxd5 16. Rfe1 Nc6 17. Nf1 1-0

[Event "Medellin Castro Memorial op-A 31st"]
[Site "Medellin"]
[Date "2024.08.09"]
[Round "5"]
[White "Pinzon, Jairo David"]
[Black "Perez Tangarife, Simon"]
[Result "0-1"]
[WhiteElo "2045"]
[BlackElo "1885"]
[PlyCount "70"]
[EventDate "2024.08.07"]
[EventType "swiss"]
[EventRounds "10"]
[EventCountry "COL"]
[SourceTitle "CBM 221 Extra"]
[Source "ChessBase"]
[SourceDate "2024.09.30"]
[SourceVersion "1"]
[SourceVersionDate "2024.09.30"]
[SourceQuality "1"]

1. d4 Nf6 2. Bg5 e6 3. e4 h6 4. Bxf6 Qxf6 5. c3 d6 6. Bc4 e5 7. Ne2 Qg6 8. Qb3 Nc6 9. 0-0 Be7 10. Nd2 0-0 11. Bd3 Bg5 12. f4 exf4 13. Nxf4 Bxf4 14. Rxf4 Nd8 15. Raf1 Ne6 16. R4f3 Ng5 17. Rg3 Qe6 18. Bc4 Qe7 19. Re3 c6 20. Rfe1 Qc7 21. d5 Bd7 22. e5 dxe5 23. Rxe5 Rae8 24. Rxe8 Rxe8 25. Rxe8+ Bxe8 26. h4 Nh7 27. Nf3 Nf6 28. dxc6 Bxc6 29. Nd4 Be4 30. Ne2 Ng4 31. g3 Bf3 32. Kf1 Ne3+ 33. Kf2 Nxc4 34. Nd4 Bd5 35. Qb5 Qe5 0-1

[Event "Medellin Castro Memorial op-A 31st"]
[Site "Medellin"]
[Date "2024.08.08"]
[Round "3"]
[White "Ospina Castro, Santiago"]
[Black "Perez Tangarife, Simon"]
[Result "1-0"]
[WhiteElo "2062"]
[BlackElo "1885"]
[PlyCount "77"]
[EventDate "2024.08.07"]
[EventType "swiss"]
[EventRounds "10"]
[EventCountry "COL"]
[SourceTitle "CBM 221 Extra"]
[Source "ChessBase"]
[SourceDate "2024.09.30"]
[SourceVersion "1"]
[SourceVersionDate "2024.09.30"]
[SourceQuality "1"]

1. Nf3 d5 2. b3 Bf5 3. Bb2 e6 4. c4 c6 5. e3 Nf6 6. Be2 h6 7. 0-0 Nbd7 8. d4 Qc7 9. Nc3 Bd6 10. Rc1 a6 11. c5 Be7 12. b4 0-0 13. Qb3 Ne4 14. Nxe4 Bxe4 15. Rfd1 Bxf3 16. Bxf3 f5 17. g3 Kh7 18. Bg2 Rab8 19. Qd3 e5 20. dxe5 Nxe5 21. Qd4 Bf6 22. Qf4 g6 23. Bxe5 Bxe5 24. Qf3 Rbe8 25. h4 Qg7 26. Bf1 Bc3 27. Rb1 Re4 28. a3 h5 29. Bd3 Re7 30. a4 d4 31. exd4 Bxd4 32. Rbc1 Rd8 33. Bb1 Red7 34. Re1 Bb2 35. Rc4 Rd4 36. Rxd4 Bxd4 37. Re6 Rd7 38. Rxg6 Bxf2+ 39. Kg2 1-0

[Event "Medellin Castro Memorial op-A 31st"]
[Site "Medellin"]
[Date "2024.08.08"]
[Round "4"]
[White "Perez Tangarife, Simon"]
[Black "Fernandez, Andres2"]
[Result "1-0"]
[WhiteElo "1885"]
[BlackElo "1717"]
[PlyCount "64"]
[EventDate "2024.08.07"]
[EventType "swiss"]
[EventRounds "10"]
[EventCountry "COL"]
[SourceTitle "CBM 221 Extra"]
[Source "ChessBase"]
[SourceDate "2024.09.30"]
[SourceVersion "1"]
[SourceVersionDate "2024.09.30"]
[SourceQuality "1"]

1. c4 c5 2. Nf3 g6 3. d4 cxd4 4. Nxd4 Bg7 5. e3 Nc6 6. Nc3 Nf6 7. Be2 0-0 8. 0-0 d6 9. Re1 Bd7 10. a3 a5 11. Bf3 Rc8 12. b3 Nxd4 13. exd4 Bc6 14. Bg5 Re8 15. Rc1 Bxf3 16. Qxf3 Qb6 17. Nb5 d5 18. a4 Ne4 19. Be3 Qf6 20. cxd5 Qxf3 21. gxf3 Nd6 22. Nxd6 exd6 23. Kf1 Bf6 24. Rc4 b5 25. Rc6 bxa4 26. bxa4 Rxc6 27. dxc6 d5 28. Bf4 Rc8 29. c7 Kf8 30. Bd6+ Kg7 31. Rb1 Bd8 32. cxd8Q Rxd8 1-0

[Event "Medellin Castro Memorial op-A 31st"]
[Site "Medellin"]
[Date "2024.08.07"]
[Round "1"]
[White "Tobar Beltran, Carlos Andres"]
[Black "Perez Tangarife, Simon"]
[Result "1-0"]
[WhiteElo "2075"]
[BlackElo "1885"]
[PlyCount "65"]
[EventDate "2024.08.07"]
[EventType "swiss"]
[EventRounds "10"]
[EventCountry "COL"]
[SourceTitle "CBM 221 Extra"]
[Source "ChessBase"]
[SourceDate "2024.09.30"]
[SourceVersion "1"]
[SourceVersionDate "2024.09.30"]
[SourceQuality "1"]

1. b3 e5 2. Bb2 Nc6 3. e3 Qe7 4. c4 f5 5. Nc3 Nf6 6. d3 d6 7. Nge2 g6 8. g3 h5 9. h4 Bh6 10. Bg2 Ng4 11. Nd5 Qf7 12. Qd2 Be6 13. Nec3 Nd8 14. f3 Nf6 15. Nxf6+ Qxf6 16. f4 Bg7 17. 0-0 exf4 18. Na4 Qf7 19. exf4 Bd7 20. Rae1+ Kf8 21. Bd5 Be6 22. Bxg7+ Kxg7 23. Qb2+ Kh7 24. Bg2 Bd7 25. Re3 Re8 26. Rfe1 Ne6 27. Bxb7 Rab8 28. Bd5 c6 29. Bg2 Qg7 30. Bxc6 Bxc6 31. Rxe6 Qf7 32. Qe2 a5 33. Re7 1-0

[Event "Pereira op"]
[Site "Pereira"]
[Date "2024.07.21"]
[Round "9"]
[White "Perez Tangarife, Simon"]
[Black "Gomez Boada, Alfredo"]
[Result "1-0"]
[WhiteElo "1876"]
[BlackElo "1743"]
[PlyCount "47"]
[EventDate "2024.07.17"]
[EventType "swiss"]
[EventRounds "10"]
[EventCountry "COL"]
[SourceTitle "EXT 2025"]
[Source "ChessBase"]
[SourceDate "2024.10.14"]
[SourceVersion "1"]
[SourceVersionDate "2024.10.14"]
[SourceQuality "1"]

1. c4 c5 2. Nc3 Nc6 3. Nf3 g6 4. d4 cxd4 5. Nxd4 Bg7 6. Nc2 b6 7. e4 Bb7 8. Be2 d6 9. Be3 Nf6 10. Qd2 Ne5 11. f3 Rc8 12. b3 e6 13. Rd1 d5 14. f4 Neg4 15. e5 Nxe3 16. Qxe3 Ng4 17. Bxg4 Qh4+ 18. Qg3 Qxg3+ 19. hxg3 dxc4 20. Ne3 cxb3 21. Nb5 0-0 22. Nd6 Rc7 23. Nxb7 Rxb7 24. axb3 1-0

[Event "Pereira op"]
[Site "Pereira"]
[Date "2024.07.19"]
[Round "6"]
[White "Perez Tangarife, Simon"]
[Black "Puerta Rendon, Jacobo"]
[Result "1/2-1/2"]
[WhiteElo "1876"]
[BlackElo "1926"]
[PlyCount "68"]
[EventDate "2024.07.17"]
[EventType "swiss"]
[EventRounds "10"]
[EventCountry "COL"]
[SourceTitle "EXT 2025"]
[Source "ChessBase"]
[SourceDate "2024.10.14"]
[SourceVersion "1"]
[SourceVersionDate "2024.10.14"]
[SourceQuality "1"]

1. c4 Nf6 2. Nc3 e6 3. e4 Nc6 4. d4 Bb4 5. e5 Ne4 6. Qc2 d5 7. Be3 f6 8. cxd5 Qxd5 9. exf6 Nxf6 10. Nf3 0-0 11. Bd3 Bxc3+ 12. Qxc3 Ne4 13. Qa3 Bd7 14. Rc1 Kh8 15. 0-0 e5 16. dxe5 Nxe5 17. Nxe5 Qxe5 18. Rfe1 Bc6 19. Bc5 Rf3 20. Be3 Rf6 21. Qb4 Qd6 22. Qb3 Re8 23. Qc2 Rfe6 24. Bxa7 Rh6 25. h3 Rxh3 26. Rxe4 Bxe4 27. Bxe4 Qh2+ 28. Kf1 Qh1+ 29. Ke2 Qxg2 30. Kd2 Rxe4 31. Qxc7 Re2+ 32. Kxe2 Qf3+ 33. Ke1 Qh1+ 34. Ke2 Qe4+ 1/2-1/2

[Event "Pereira op"]
[Site "Pereira"]
[Date "2024.07.18"]
[Round "3"]
[White "Perez Tangarife, Simon"]
[Black "Perez Pineda, Lizeth Yesenia"]
[Result "1-0"]
[WhiteElo "1876"]
[BlackElo "1728"]
[PlyCount "89"]
[EventDate "2024.07.17"]
[EventType "swiss"]
[EventRounds "10"]
[EventCountry "COL"]
[SourceTitle "EXT 2025"]
[Source "ChessBase"]
[SourceDate "2024.10.14"]
[SourceVersion "1"]
[SourceVersionDate "2024.10.14"]
[SourceQuality "1"]

1. c4 e5 2. Nc3 Nf6 3. Nf3 Nc6 4. e4 d6 5. d4 exd4 6. Nxd4 Ne5 7. f4 Ng6 8. Be2 Be7 9. Be3 c6 10. g4 Qa5 11. 0-0 Bd7 12. g5 Ng8 13. Nb3 Qc7 14. Qd4 f6 15. Bh5 fxg5 16. f5 Nf6 17. Bxg6+ hxg6 18. Bxg5 gxf5 19. exf5 0-0-0 20. Qxa7 Rh5 21. Be3 Rdh8 22. Na4 c5 23. Qa8+ Qb8 24. Nb6+ Kc7 25. Qa5 Bc6 26. Nxc5 dxc5 27. Rad1 Bd6 28. Rxd6 Kxd6 29. Bf4+ Ke7 30. Qxc5+ Kf7 31. Bxb8 Rxb8 32. Re1 Rg5+ 33. Kf1 Bg2+ 34. Kf2 Rh8 35. Nd7 Ne4+ 36. Rxe4 Bxe4 37. Ne5+ Kf6 38. Qd4 Kxf5 39. Nf7 Rxh2+ 40. Ke1 Rh1+ 41. Kd2 Rg2+ 42. Kc3 Rh3+ 43. Kb4 Bc6 44. Qe5+ Kg6 45. Qe6+ 1-0